|
|
|
|
| LEADER |
01682nam a22003497a 4500 |
| 001 |
35206 |
| 003 |
BD-DhAAL |
| 005 |
20211111113854.0 |
| 008 |
190902t2019 cc 001 0 eng d |
| 999 |
|
|
|c 40871
|d 40871
|
| 020 |
|
|
|a 9789352138272
|
| 040 |
|
|
|a BD-DhAAL
|
| 082 |
|
|
|a 005.2762
|2 23
|
| 100 |
|
|
|a Stauffer, Matt
|9 33800
|
| 245 |
|
|
|a Laravel :
|b up & running : a framework for building modern PHP apps /
|c Matt Stauffer.
|
| 246 |
|
|
|a Framework for building modern PHP apps
|
| 250 |
|
|
|a Second edition.
|
| 260 |
|
|
|a Beijing :
|b O'Reilly,
|c c2019
|
| 300 |
|
|
|a xxii, 519 pages ;
|c 23 cm.
|
| 500 |
|
|
|a Includes index.
|
| 526 |
|
|
|a CSE
|
| 541 |
|
|
|a Hye Trade International
|e 35206, 35207, 35208
|
| 630 |
|
|
|a Laravel (Software framework).
|9 33801
|
| 650 |
|
|
|a PHP (Computer program language).
|9 33802
|
| 650 |
|
|
|a Laravel (Software framework).
|9 33801
|
| 650 |
|
|
|a Personal Home Page (Computer program language).
|9 33803
|
| 650 |
|
|
|a Computer science
|9 42547
|
| 852 |
|
|
|a Ayesha Abed Library
|c General Stacks
|
| 942 |
|
|
|2 ddc
|c BK
|
| 952 |
|
|
|0 0
|1 0
|2 ddc
|4 0
|6 005_276200000000000_STA
|7 0
|9 66037
|a BRACUL
|b BRACUL
|c GEN
|d 2019-08-21
|e Hye Trade International
|g 2288.00
|l 4
|m 58
|o 005.2762 STA
|p 3010035206
|r 2025-07-15
|s 2024-09-21
|t 1
|v 2288.00
|w 2019-08-21
|y BK
|
| 952 |
|
|
|0 0
|1 0
|2 ddc
|4 0
|6 005_276200000000000_STA
|7 0
|9 66038
|a BRACUL
|b BRACUL
|c GEN
|d 2019-08-21
|e Hye Trade International
|g 2288.00
|l 5
|m 56
|o 005.2762 STA
|p 3010035207
|r 2025-09-11
|s 2025-07-17
|t 2
|v 2288.00
|w 2019-08-21
|y BK
|
| 952 |
|
|
|0 0
|1 0
|2 ddc
|4 0
|6 005_276200000000000_STA
|7 0
|9 66039
|a BRACUL
|b BRACUL
|c GEN
|d 2019-08-21
|e Hye Trade International
|g 2288.00
|l 7
|m 53
|o 005.2762 STA
|p 3010035208
|r 2024-11-17
|s 2024-11-12
|t 3
|v 2288.00
|w 2019-08-21
|y BK
|